L'hypotension orthostatique, (Record no. 38256)
[ view plain ]
| 000 -LEADER | |
|---|---|
| fixed length control field | 00648cam a22002291 4500 |
| 001 - CONTROL NUMBER | |
| control field | med47001081 |
| 003 - CONTROL NUMBER IDENTIFIER | |
| control field | DLC |
| 005 - DATE AND TIME OF LATEST TRANSACTION | |
| control field | 20260227111601.0 |
| 008 - FIXED-LENGTH DATA ELEMENTS--GENERAL INFORMATION | |
| fixed length control field | 810815s1945 xx 000 0 fre |
| 010 ## - LIBRARY OF CONGRESS CONTROL NUMBER | |
| LC control number | med47001081 |
| 035 ## - SYSTEM CONTROL NUMBER | |
| System control number | (OCoLC)14745389 |
| 040 ## - CATALOGING SOURCE | |
| Original cataloging agency | DLC |
| Transcribing agency | DNLM |
| Modifying agency | DLC |
| 042 ## - AUTHENTICATION CODE | |
| Authentication code | premarc |
| 050 00 - LIBRARY OF CONGRESS CALL NUMBER | |
| Classification number | RC669 |
| Item number | .P6 |
| 060 00 - NATIONAL LIBRARY OF MEDICINE CALL NUMBER | |
| Classification number | WG 340 |
| Item number | P811h 1945 |
| 060 00 - NATIONAL LIBRARY OF MEDICINE CALL NUMBER | |
| Classification number | Film 3737 no. 3 |
| 100 1# - MAIN ENTRY--PERSONAL NAME | |
| Personal name | Pont, Maurice, |
| Dates associated with a name | 1917- |
| 245 12 - TITLE STATEMENT | |
| Title | L'hypotension orthostatique, |
| Remainder of title | étude clinique, expérimentale et pathogénique ... |
| 260 ## - PUBLICATION, DISTRIBUTION, ETC. | |
| Place of publication, distribution, etc. | Paris, |
| Name of publisher, distributor, etc. | Doin, |
| Date of publication, distribution, etc. | 1945. |
| 300 ## - PHYSICAL DESCRIPTION | |
| Extent | viii, 224 p. |
| Other physical details | ill. |
| 500 ## - GENERAL NOTE | |
| General note | Microfilmed for preservation |
| Institution to which field applies | DNLM |
No items available.